| 000 | 00706nam a2200241 i 4500 | ||
|---|---|---|---|
| 001 | 100793 | ||
| 003 | ES-MaACL | ||
| 005 | 20230906182743.0 | ||
| 007 | t| | ||
| 008 | 051005s1981 zzz ||||1| spa d | ||
| 020 | _a84-850800-X | ||
| 100 | 1 |
_aMatias Gil, José. _979066 |
|
| 245 | 1 | 0 |
_aRomances andaluces / _cJosé Matias Gil. |
| 250 | _a4ª ed. | ||
| 260 |
_a[s.l. : _bs.n.], _c1981 ( _eDos Hermanas Sevilla : _fGráf. Rublan) |
||
| 300 |
_a148 p. ; _c21 cm. |
||
| 490 | 1 |
_aAlgo nuestro ; _v14 |
|
| 830 | 0 |
_aAlgo nuestro ; _v14 _9232453 |
|
| 852 |
_aES-MaACL _jL-10673 _bR.112297 |
||
| 852 |
_aES-MaACL _jL-1428 _bR.102233 |
||
| 852 |
_aES-MaACL _jL-1426 _bR.102232 |
||
| 999 |
_c100793 _d100793 |
||